000
00224 a2200097 4500
001
39824
100
_a
Patil, S H
245
_a
Elements of Modern Physics
260
_a
New Dehli
_b
Tata McGraw Hill
_c
090
_c
24827
_d
24827
942
_a
NUST-CAE
_c
M
_c
16477
999
_c
274897
_d
274897